| 000 | 01349nam0a2200385 4500 | ||
|---|---|---|---|
| 001 | RU\NLR\bibl\1123718 | ||
| 005 | 20260406075144.0 | ||
| 021 |
_aRU _b2007-48681 _92582 |
||
| 035 | _a(nilc)EL/0000123665 | ||
| 035 | _aRSL-KNO-003148682 | ||
| 035 | _a(NLR Aleph) 001110669 | ||
| 090 |
_a1236044 _c1236044 |
||
| 100 | _a20070511d2007 |||y0rusy50 ca | ||
| 101 | 0 | _arus | |
| 102 | _aRU | ||
| 105 | _aa ||||||||| | ||
| 200 | 1 |
_aЗаписки геохимика _fЯ.Э. Юдович |
|
| 210 |
_aСыктывкар _cГеопринт _d2007 |
||
| 215 |
_a194, [1] с. _cил. _d29 |
||
| 320 | _aБиблиогр. в тексте и в подстроч. примеч | ||
| 320 | _aИмен. указ.: с. 182-187 | ||
| 600 | 1 |
_aЮдович _bЯ.Э. _f1937 _gЯков Эльевич _92201996 _3RU\NLR\auth\661323173 |
|
| 606 | 1 |
_aГеохимия _xИстория _yСССР _91241502 _3RU\NLR\auth\66189898 |
|
| 686 |
_aД3д(2)Юдович Я.Э.,0 _2rubbk |
||
| 686 | _aД3д(2)Юдович | ||
| 686 | _aД31г(2) | ||
| 700 | 1 |
_4070 _8rus _7ca _aЮдович _bЯ. Э. _f1937- _gЯков Эльевич _3RU\NLR\auth\7737171 _920160 |
|
| 801 | 0 |
_aRU _bNLR _c20070511 _grcr |
|
| 801 | 1 |
_aRU _bNLR _c20070511 |
|
| 801 | 1 |
_aRU _bРГБ _c20070511 |
|
| 801 | 2 |
_aRU _bNLR _c20070904 _grcr |
|
| 942 | _cBOOK | ||
| 980 | _aNB | ||
| 980 | _aNBR | ||